In other words: a coursebook on translation

Guardat en:
Dades bibliogràfiques
Autor principal: Baker, Mona (Autor)
Format: Llibre
Idioma:anglès
Publicat: Londres Routledge 1992
Matèries:
Etiquetes: Afegir etiqueta
Sense etiquetes, Sigues el primer a etiquetar aquest registre!

MARC

LEADER 00000nam a2200000 a 4500
001 UCT7478
003 CL-VaPUC
008 970123e19920000UK |||||||||||||||||eng|d
082 0 4 |a 418.02  |b BAK  |2 21 
100 0 |a Baker, Mona  |e author  |9 378476 
245 1 0 |a In other words: a coursebook on translation 
300 |a 303 p 
942 |c BK 
945 |d 19970123 00:00:00  |a rbrito 
260 |a Londres  |b Routledge  |c 1992 
600 0 7 |a ESCUELA DE PRAGA  |2 CL-VaPUC  |9 378477 
650 0 |a Traducción   |9 357261 
650 0 |a Interpretación   |9 258846 
650 0 |a Lingüística  |9 265068 
650 0 |a Gramática  |9 270497 
583 |a last modification  |c 19970123 00:00:00  |k Rodrigo Vera 
999 |c 256097  |d 256095 
952 |0 0  |1 0  |4 0  |6 418_020000000000000_BAK_1992  |7 0  |8 A  |9 278642  |a BIBEDU  |b BIBEDU  |d 2019-11-19  |i 3565157  |l 2  |o 418.02 BAK 1992  |p 3565157  |r 2023-12-05  |s 2023-12-05  |w 2019-11-19  |y BK  |k CIT 
952 |0 0  |1 0  |4 0  |6 418_020000000000000_BAK_1992  |7 0  |8 A  |9 278643  |a BIBEDU  |b BIBEDU  |d 2019-11-19  |i 3922065  |l 4  |o 418.02 BAK 1992  |p 3922065  |r 2024-08-29  |s 2024-08-21  |w 2019-11-19  |y BK  |k LIT